000 00620nam a22001937a 4500
005 20251108164906.0
008 250721s1982 xx 000 0 ara d
082 1 4 _a962.03/إست
100 1 _aأحمد، أحمد يوسف
245 1 0 _aالإستقلال الوطني /
264 1 _aالقاهرة :
_bالمركز العربي للبحث و النشر،
_c1982.
300 _a228ص
490 0 _aسلسلة الذكرى الثلاثين لثورة يوليو 1952
650 1 7 _aتاريخ مصر
650 1 7 _aالتاريخ السياسي
650 1 7 _aالثورات
942 _2ddc
_cBK
999 _c16813
_d16813